LEADER 00998nam1-22003131i-450- 001 990005299250403321 005 20050719102749.0 035 $a000529925 035 $aFED01000529925 035 $a(Aleph)000529925FED01 035 $a000529925 100 $a19990604d1972----km-y0itay50------ba 101 0 $afre 105 $ay-------001yy 200 1 $a1.: SOURATE I a XXIII$fpar le Cheikh Si Boubakeur Hamza 210 $as.l.$cFayard/Denodl$d1972 215 $aXIX, 712 p.$d23 cm 225 1 $a<>trèsor spirituel de l'humanité 461 0$1001000529918$12001$aLe CORAN$eTraduction frantaise et commentaire d'après la tradition...etc.$fpar le Cheikh Si Boubakeur Hamza 610 0 $aCORANO 676 $a297.122$v21$zita 702 1$aBoubakeur,$bHamza$f<1912- > 801 0$aIT$bUNINA$gRICA$2UNIMARC 901 $aBK 912 $a990005299250403321 952 $a297.122 BOU 1 (1)$bST.REL. 96$fFLFBC 959 $aFLFBC 996 $a1.: SOURATE I a XXIII$9537134 997 $aUNINA LEADER 01167nam a2200289 i 4500 001 991000971419707536 008 050418s2004 it b 001 0 ita d 020 $a8879897691 035 $ab13300933-39ule_inst 040 $aDip.to Studi Storici$bita 082 0$a320.945 082 $a945.092 100 1 $aLupo, Salvatore$0119411 245 10$aPartito e Antipartito :$buna storia politica della prima Repubblica (1946-78) /$cSalvatore Lupo 260 $aRoma :$bDonzelli,$cc2004 300 $avi, 312 p. ;$c22 cm 440 $aSaggi.$pStoria e scienze sociali 504 $aContiene riferimenti bibliografici ed indice 650 4$aPolitica$zItalia$y1946-1978 651 0$aItalia$xPolitica e governo$y1946-1978 907 $a.b13300933$b02-09-09$c18-04-05 912 $a991000971419707536 945 $aLE012 945.092 LUP$g1$i2012000111738$lle012$o-$pE0.00$q-$rl$s- $t0$u1$v0$w1$x0$y.i14325330$z27-11-06 945 $aLE023 320.945 LUP 1 1$g1$i2023000071809$lle023$o-$pE24.50$q-$rl$s- $t0$u10$v1$w10$x0$y.i14074412$z23-05-05 996 $aPartito e antipartito$9838513 997 $aUNISALENTO 998 $ale012$a(2)le023$b18-04-05$cm$da $e-$fita$git $h0$i3 LEADER 01765nam 2200481Ia 450 001 9910701389803321 005 20120511085548.0 035 $a(CKB)5470000002417166 035 $a(OCoLC)793417465 035 $a(EXLCZ)995470000002417166 100 $a20120511d2005 ua 0 101 0 $aeng 135 $aurmn||||||||| 181 $ctxt$2rdacontent 182 $cc$2rdamedia 183 $acr$2rdacarrier 200 10$aHigh Reynolds number investigation of a flush-mounted, S-duct inlet with large amounts of boundary layer ingestion$b[electronic resource] /$fBobby L. Berrier, Melissa B. Carter, and Brian G. Allan 210 1$aHampton, Va. :$cNational Aeronautics and Space Administration, Langley Research Center,$d[2005] 215 $a1 online resource (165 pages) $cillustrations (some color) 225 1 $aNASA/TP ;$v2005-213766 300 $aTitle from title screen (viewed on May 11, 2012). 300 $a"September 2005." 320 $aIncludes bibliographical references (pages 17-19). 606 $aBoundary layers$2nasat 606 $aAerodynamic configurations$2nasat 606 $aAir flow$2nasat 606 $aDucts$2nasat 606 $aEngine inlets$2nasat 615 7$aBoundary layers. 615 7$aAerodynamic configurations. 615 7$aAir flow. 615 7$aDucts. 615 7$aEngine inlets. 700 $aBerrier$b Bobby L$01389747 701 $aCarter$b Melissa B$01389748 701 $aAllan$b Brian G$01389749 712 02$aLangley Research Center. 801 0$bGPO 801 1$bGPO 906 $aBOOK 912 $a9910701389803321 996 $aHigh Reynolds number investigation of a flush-mounted, S-duct inlet with large amounts of boundary layer ingestion$93441707 997 $aUNINA